Estudios fisiológicos (Record no. 73601)

MARC details
000 -LEADER
campo de control de longitud fija 01092nam a2200229 i 4500
001 - NÚMERO DE CONTROL
campo de control 73601
003 - IDENTIFICADOR DE NÚMERO DE CONTROL
campo de control ES-MaACL
005 - FECHA Y HORA DE LA ÚLTIMA TRANSACCIÓN
campo de control 20240511063024.0
007 - CAMPO FIJO DE DESCRIPCIÓN FÍSICA--INFORMACIÓN GENERAL
campo de control de longitud fija t|
008 - DATOS DE LONGITUD FIJA--INFORMACIÓN GENERAL
campo de control de longitud fija 040909s1913 sp ||||1| spa d
100 1# - ENTRADA PRINCIPAL--NOMBRE DE PERSONA
Nombre de persona Gómez Ocaña, José,
Fechas asociadas al nombre 1860-1919
9 (RLIN) 58079
245 10 - MENCIÓN DEL TÍTULO
Título Estudios fisiológicos
Resto del título : (comunicaciones en las reuniones de fisiólogos celebradas en el Instituto Marey en junio de 1911 y mayo de 1912) /
Mención de responsabilidad, etc. por José Gómez Ocaña.
260 ## - PUBLICACIÓN, DISTRIBUCIÓN, ETC.
Lugar de publicación, distribución, etc. [Madrid :
Nombre del editor, distribuidor, etc. Junta para Ampliación de Estudios e Investigaciones Científicas,
Fecha de publicación, distribución, etc. 1913] (
Fabricante Imp. de Fortanet)
300 ## - DESCRIPCIÓN FÍSICA
Extensión 24 p., IX h. de lám. ;
Dimensiones 24 cm.
490 1# - MENCIÓN DE SERIE
Mención de serie Anales de la Junta para Ampliación de Estudios e Investigaciones Científicas ;
Designación de volumen o secuencia t. 11, memoria 1
650 #4 - PUNTO DE ACCESO ADICIONAL DE MATERIA--TÉRMINO DE MATERIA
Término de materia o nombre geográfico como elemento de entrada Fisiología.
9 (RLIN) 136120
710 2# - ENTRADA AGREGADA--NOMBRE DE ENTIDAD CORPORATIVA
Nombre de entidad corporativa o nombre de jurisdicción como elemento de entrada Junta para la Ampliación de Estudios e Investigaciones Científicas.
9 (RLIN) 5413
830 0# - PUNTO DE ACCESO ADICIONAL DE SERIE-TÍTULO UNIFORME
Título uniforme Anales de la Junta para Ampliación de Estudios e Investigaciones Científicas ;
Designación de volumen o secuencia t. 11, memoria 1
9 (RLIN) 186710
852 ## - LOCALIZACIÓN
Ubicación ES-MaACL
Número de control de estantería T-1337-F-3
852 ## - LOCALIZACIÓN
Ubicación ES-MaACL
Número de control de estantería B-13167(1)
Holdings
Estatus retirado Estado de pérdida Estado de daño No para préstamo Biblioteca de origen Biblioteca actual Ubicación en estantería Fecha de adquisición Fuente de adquisición Total de préstamos Signatura topográfica completa Código de barras Visto por última vez Precio de reemplazo Tipo de ítem Koha Colección
        Biblioteca del Ateneo de Madrid Biblioteca del Ateneo de Madrid Sala Pardo Bazán 30/10/2012     B-13167(1) 1190395 23/02/2023 23/02/2023 Libro impreso  
        Biblioteca del Ateneo de Madrid Biblioteca del Ateneo de Madrid Depósito folletos 17/01/2008     T-1337-F-3 1077037 23/02/2023 23/02/2023 Folleto Colección de folletos